Statistics for 5 Biggest Cities : Montenegro

Click here to take the quiz!

General Stats

  • This quiz has been taken 178 times
    (174 since last reset)
  • The average score is 4 of 5

Answer Stats

RankCity% Correct
1Podgorica
100%
2Niksic
85%
5Budva
64%
3Herceg Novi
54%
4Pljevlja
51%

Score Distribution

Percentile by Number Answered

Percent of People with Each Score

Your Score History

You have not taken this quiz since the last reset